| 000 | 01642nam a2200241Ia 4500 | ||
|---|---|---|---|
| 003 | Ost | ||
| 005 | 20260507075735.0 | ||
| 008 | 260507s9999||||xx |||||||||||||| ||und|| | ||
| 020 | _a9775929342 | ||
| 040 | _cfsecg | ||
| 041 | _aara | ||
| 082 | _a338.4791 | ||
| 100 |
_aدعبس، محمد يسري ابراهيم _eمؤلف |
||
| 245 | 0 |
_aالسلوك الاستهلاكي للسائح في ضوء واقع الدول المتقدمة والدول النامية : _bدراسة في الأنثروبولوجيا الاقتصادية / _c محمد يسري ابراهيم دعبس |
|
| 260 |
_aالاسكندرية: _bالبيطاش سنتر للنشر و التوزيع, _c2002 |
||
| 300 |
_a328 صفحة؛ _bإيضاحات ؛ _c24 سم |
||
| 490 | _aدراسات وبحوث اقتصاديات السياحة | ||
| 504 | _aالهوامش ص.307 فهرس الجداول ص.317 فهرس الأشكال ص.317 | ||
| 520 | _aالمفاهيم والتصورات والاتجاهات النظرية حول السياحة والسائح ووقت الفراغ والإستهلاك-المسلك السياحي(السمات والخصائص والدوافع والحقوق والواجبات والعوامل المختلفة المؤثرة)-العوامل المختلفة المؤثرة في أنماط الاستهلاك مع التطبيق في المجال السياحي،أنماط السياحة وأنواعها المختلفة ومعدلات الانفاق والاستهلاك-حماية المستهلك السياحي | ||
| 653 | _aالسياحة- اقتصاديات | ||
| 653 | _aالمستهلكون | ||
| 942 | _cكتاب | ||
| 999 |
_c46078 _d46078 |
||